000 00393nam a22001577a 4500
003 OSt
005 20240206163017.0
008 220330b xxu||||| |||| 00| 0 eng d
020 _a9789388818391
040 _cIIMT SCHOOL OF PHARMACEUTICAL SCIENCE
100 _aKAR,ASHUTOSH
245 _aPHYSICAL PHARMACEUTICS-I
260 _aNEW DELHI
_bNEW AGE
_c2021
300 _a211
942 _2ddc
_c06
999 _c51465
_d51465